000 01029nam a2200229Ia 4500
001 18120
003 GE_BSU
008 181216s||||||||xx |||||||||||||| ||und||
020 _aISSN-1987-6998
040 _cGE_BSU
080 _a378.4(063)
245 _aსოხუმის სახელმწიფო უნივერსიტეტის შრომები XIII
245 _cმთ.რედ. ზ. პაპასქირი
260 _aთბილისი
260 _bსოხუმის სახ. უნ-ტი
300 _a619გვ25სმ.
520 _aპარალ. სათ ინგ. ენ.
653 _aლიტმცოდნეობა, ისტორია არქეოლოგია
653 _aპოლიტიკური მეცნიერებები. პედაგოგიკა, სამართალი
653 _aსოხუმის სახელმწიფო უნივერსიტეტის შრომები
942 _cBK
999 _c51161
_d51161